The principles of practical cost-benefit analysis (Record no. 11116)

000 -LEADER
fixed length control field 00297nam a22001217a 4500
040 ## - CATALOGING SOURCE
Transcribing agency 339
082 ## - DEWEY DECIMAL CLASSIFICATION NUMBER
Classification number 339 ROB 1985 C090
100 ## - MAIN ENTRY--AUTHOR NAME
Personal name ROBERT SUGDEN
245 ## - TITLE STATEMENT
Title The principles of practical cost-benefit analysis
260 ## - PUBLICATION, DISTRIBUTION, ETC. (IMPRINT)
Place of publication Phnom Penh
Name of publisher ROB
Year of publication 1985
300 ## - PHYSICAL DESCRIPTION
Number of Pages 275p.
Other physical details ill.
Dimensions 29cm.
942 ## - ADDED ENTRY ELEMENTS (KOHA)
Koha item type សៀវភៅភាសាអង់គ្លេស
952 ## - LOCATION AND ITEM INFORMATION (KOHA)
Withdrawn status [LOCAL, KOHA] 0
Holdings
Permanent Location Date acquired Koha item type Lost status Shelving location Barcode Current Location Full call number
Library Block C2017-02-17សៀវភៅភាសាអង់គ្លេស C190A04584Library Block C339 ROB 1985 C190
មជ្ឈមណ្ឌលឯការនៃសាកលវិទ្យាល័យភូមិន្ទកសិកម្មចំការដូង

Powered by Koha